Statistics for Most Populous Cities In US Central Time Zone

Click here to take the quiz!

General Stats

  • This quiz has been taken 53 times
  • The average score is 8 of 10

Answer Stats

PopAnswer% Correct
2.1 millHouston
92%
2.7 millChicago
90%
1.2 millDallas
90%
885kAustin
82%
1.4 millSan Antonio
82%
653kMemphis
78%
634kNashville
74%
610kOklahoma City
66%
599kMilwaukee
56%
792kFort Worth
54%

Score Distribution

Percentile by Number Answered

Percent of People with Each Score

Your Score History

You have not taken this quiz